[Event "Figueira 2023"]
[Site "?"]
[Date "2023.11.05"]
[Round "1.1"]
[White "Grigoryan, Karen H."]
[Black "Lakunza Oyarbide, Juan Carlos"]
[Result "1-0"]
[BlackElo "2047"]
[WhiteElo "2646"]
[LiveChessVersion "1.4.8"]

1. e4 {[%clk 1:30:54]} e5 {[%clk 1:30:57]} 2. Bc4 {[%clk 1:31:04]} Nc6
{[%clk 1:28:53]} 3. d3 {[%clk 1:30:59]} Nf6 {[%clk 1:27:37]} 4. Nc3
{[%clk 1:31:21]} Bc5 {[%clk 1:26:39]} 5. f4 {[%clk 1:31:26]} d6 {[%clk 1:26:07]}
6. f5 {[%clk 1:31:33]} Na5 {[%clk 1:23:58]} 7. Bg5 {[%clk 1:31:21]} Nxc4
{[%clk 1:22:23]} 8. dxc4 {[%clk 1:31:43]} c6 {[%clk 1:04:09]} 9. Qd3
{[%clk 1:31:09]} h6 {[%clk 0:53:40]} 10. Bh4 {[%clk 1:31:29]} g5 {[%clk 0:53:52]}
11. Bg3 {[%clk 1:29:38]} Nh5 {[%clk 0:43:40]} 12. O-O-O {[%clk 1:29:31]} Nf4
{[%clk 0:36:36]} 13. Bxf4 {[%clk 1:28:49]} gxf4 {[%clk 0:37:01]} 14. Nf3
{[%clk 1:27:29]} Qc7 {[%clk 0:24:58]} 15. g3 {[%clk 1:26:44]} Bd7
{[%clk 0:22:19]} 16. gxf4 {[%clk 1:25:55]} exf4 {[%clk 0:22:41]} 17. e5
{[%clk 1:22:06]} O-O-O {[%clk 0:17:49]} 18. exd6 {[%clk 1:22:17]} Qa5
{[%clk 0:18:07]} 19. Nd4 {[%clk 1:21:19]} Bb4 {[%clk 0:13:41]} 20. Ne4
{[%clk 1:20:36]} Bxf5 {[%clk 0:11:49]} 21. Nxf5 {[%clk 1:19:47]} Qxf5
{[%clk 0:11:45]} 22. a3 {[%clk 1:19:52]} Rhe8 {[%clk 0:11:56]} 23. d7+
{[%clk 1:19:14]} Qxd7 {[%clk 0:11:58]} 24. axb4 {[%clk 1:18:59]} 1-0

[Event "Figueira 2023"]
[Site "?"]
[Date "2023.11.05"]
[Round "1.2"]
[White "Guerreiro, Nuno"]
[Black "Safarli, Eltaj"]
[Result "0-1"]
[BlackElo "2610"]
[WhiteElo "2037"]
[LiveChessVersion "1.4.8"]

1. Nf3 Nf6 2. c4 c5 3. Nc3 e6 4. g3 d5 5. cxd5 Nxd5 6. Bg2 Nc6 7. O-O Be7 8. d4
O-O 9. Nxd5 exd5 10. dxc5 Bxc5 11. Qc2 Bb6 12. Rd1 h6 13. Bf4 Qf6 14. a3 Bf5 15.
Qc3 d4 16. Qb3 Rfe8 17. Qb5 Bc2 18. Rd2 Be4 19. h4 Rad8 20. Nh2 Rd5 21. Qxd5 Bxd5
22. Bxd5 Rd8 23. Bf3 g5 24. Ng4 Qg7 25. Nxh6+ Qxh6 26. Bxg5 Qd6 27. Bxd8 Qxd8 28.
Rad1 Qf6 29. Bxc6 bxc6 30. b4 Qe6 31. Rc1 d3 32. exd3 Bd4 33. Rcc2 Qh3 34. Rc4
Qxg3+ 35. Kf1 Bxf2 36. Rcc2 Qg1+ 37. Ke2 Be3 0-1

[Event "Figueira 2023"]
[Site "?"]
[Date "2023.11.05"]
[Round "1.3"]
[White "Albornoz Cabrera, Carlos Daniel"]
[Black "Pintor, Simao Maciel Abranches"]
[Result "1-0"]
[BlackElo "2036"]
[WhiteElo "2585"]
[LiveChessVersion "1.4.8"]

1. e4 {[%clk 1:30:55]} c5 {[%clk 1:30:54]} 2. Nf3 {[%clk 1:31:21]} Nc6
{[%clk 1:31:19]} 3. Bb5 {[%clk 1:31:45]} Nf6 {[%clk 1:31:41]} 4. Nc3
{[%clk 1:32:00]} g6 {[%clk 1:31:58]} 5. e5 {[%clk 1:30:24]} Ng4 {[%clk 1:32:22]}
6. Bxc6 {[%clk 1:30:50]} dxc6 {[%clk 1:32:46]} 7. O-O {[%clk 1:27:40]} Bg7
{[%clk 1:31:11]} 8. Re1 {[%clk 1:28:05]} O-O {[%clk 1:30:33]} 9. d3
{[%clk 1:28:17]} b6 {[%clk 1:18:52]} 10. Bf4 {[%clk 1:26:11]} Nh6
{[%clk 1:12:57]} 11. Ne4 {[%clk 1:25:56]} Nf5 {[%clk 1:05:32]} 12. c3
{[%clk 1:25:31]} Ba6 {[%clk 1:02:26]} 13. d4 {[%clk 1:17:44]} cxd4
{[%clk 1:02:37]} 14. cxd4 {[%clk 1:17:59]} Bc4 {[%clk 0:55:39]} 15. g4
{[%clk 1:12:29]} Nh6 {[%clk 0:48:40]} 16. Qc1 {[%clk 1:05:08]} Bd5
{[%clk 0:36:43]} 17. Bxh6 {[%clk 1:03:43]} Bxe4 {[%clk 0:36:42]} 18. Rxe4
{[%clk 1:03:57]} Qd5 {[%clk 0:37:07]} 19. Bxg7 {[%clk 1:02:50]} Qxe4
{[%clk 0:37:32]} 20. Bxf8 {[%clk 1:03:12]} Qxg4+ {[%clk 0:30:30]} 21. Kf1
{[%clk 1:03:38]} Qxf3 {[%clk 0:29:48]} 22. Bxe7 {[%clk 1:03:21]} c5
{[%clk 0:24:01]} 23. Bf6 {[%clk 0:55:28]} Qh3+ {[%clk 0:17:04]} 24. Ke1
{[%clk 0:55:13]} cxd4 {[%clk 0:16:37]} 25. Qf4 {[%clk 0:55:06]} d3
{[%clk 0:13:48]} 26. Rc1 {[%clk 0:54:38]} Re8 {[%clk 0:13:03]} 27. Kd2
{[%clk 0:54:23]} h6 {[%clk 0:12:01]} 28. Rc3 {[%clk 0:51:27]} Qf1
{[%clk 0:10:21]} 29. Rxd3 {[%clk 0:51:39]} Rc8 {[%clk 0:10:09]} 30. Rd8+
{[%clk 0:51:52]} 1-0

[Event "Figueira 2023"]
[Site "?"]
[Date "2023.11.05"]
[Round "1.4"]
[White "Goncalves, Lucas Jordao"]
[Black "Ghosh, Diptayan"]
[Result "0-1"]
[BlackElo "2570"]
[WhiteElo "2018"]
[LiveChessVersion "1.4.8"]

1. e4 {[%clk 1:30:55]} e5 {[%clk 1:26:59]} 2. Nf3 {[%clk 1:31:12]} Nc6
{[%clk 1:27:25]} 3. Bc4 {[%clk 1:31:35]} Nf6 {[%clk 1:26:37]} 4. d3
{[%clk 1:31:16]} Be7 {[%clk 1:26:59]} 5. Nc3 {[%clk 1:27:39]} d6 {[%clk 1:26:33]}
6. a3 {[%clk 1:25:03]} O-O {[%clk 1:26:22]} 7. Be3 {[%clk 1:23:24]} Be6
{[%clk 1:24:36]} 8. Ba2 {[%clk 1:23:28]} h6 {[%clk 1:15:35]} 9. h3
{[%clk 1:23:10]} Bxa2 {[%clk 1:14:37]} 10. Rxa2 {[%clk 1:24:00]} d5
{[%clk 1:15:30]} 11. exd5 {[%clk 1:21:56]} Nxd5 {[%clk 1:15:42]} 12. Nxd5
{[%clk 1:22:11]} Qxd5 {[%clk 1:16:07]} 13. Ra1 {[%clk 1:22:34]} Rad8
{[%clk 1:14:59]} 14. O-O {[%clk 1:21:32]} f5 {[%clk 1:13:36]} 15. Re1
{[%clk 1:18:03]} Bf6 {[%clk 1:12:41]} 16. Rb1 {[%clk 1:11:05]} Rfe8
{[%clk 1:07:50]} 17. Qe2 {[%clk 0:51:12]} a6 {[%clk 1:06:40]} 18. Rbd1
{[%clk 0:36:10]} Qf7 {[%clk 1:06:00]} 19. Bc1 {[%clk 0:31:09]} Kh7
{[%clk 1:02:06]} 20. c3 {[%clk 0:27:54]} Rd6 {[%clk 0:58:15]} 21. Qc2
{[%clk 0:27:24]} g6 {[%clk 0:56:39]} 22. b4 {[%clk 0:25:56]} Bg7 {[%clk 0:51:52]}
23. Bb2 {[%clk 0:25:31]} Red8 {[%clk 0:48:41]} 24. c4 {[%clk 0:21:16]} e4
{[%clk 0:46:49]} 25. Bxg7 {[%clk 0:17:02]} exf3 {[%clk 0:46:22]} 26. Bb2
{[%clk 0:15:56]} fxg2 {[%clk 0:46:32]} 27. b5 {[%clk 0:04:31]} axb5
{[%clk 0:45:14]} 28. cxb5 {[%clk 0:04:57]} Nd4 {[%clk 0:45:38]} 29. Bxd4
{[%clk 0:03:47]} Rxd4 {[%clk 0:46:06]} 30. Re5 {[%clk 0:03:55]} R8d7
{[%clk 0:44:50]} 31. Rde1 {[%clk 0:00:44]} h5 {[%clk 0:32:56]} 32. Qc5
{[%clk 0:00:37]} R4d6 {[%clk 0:31:47]} 33. Qe3 {[%clk 0:00:41]} Rxd3
{[%clk 0:25:09]} 34. Qg5 {[%clk 0:00:34]} Rd1 {[%clk 0:24:58]} 35. Rxd1
{[%clk 0:00:53]} Rxd1+ {[%clk 0:25:27]} 36. Kxg2 {[%clk 0:01:08]} Rd7
{[%clk 0:25:55]} 37. h4 {[%clk 0:00:34]} b6 {[%clk 0:24:08]} 38. Qe3
{[%clk 0:00:32]} Qf6 {[%clk 0:24:12]} 39. Kg3 {[%clk 0:30:31]} Kg7
{[%clk 0:24:04]} 40. Re8 {[%clk 0:30:31]} Kf7 {[%clk 0:49:51]} 41. Rc8
{[%clk 0:26:00]} Qd6+ {[%clk 0:40:55]} 42. Kg2 {[%clk 0:13:58]} Qd5+
{[%clk 0:40:04]} 43. Kh2 {[%clk 0:12:01]} Re7 {[%clk 0:36:25]} 44. Qf4
{[%clk 0:09:35]} Qe4 {[%clk 0:29:29]} 45. Qxe4 {[%clk 0:07:16]} fxe4
{[%clk 0:29:58]} 46. Kg3 {[%clk 0:07:30]} e3 {[%clk 0:28:18]} 47. fxe3
{[%clk 0:06:41]} Rxe3+ {[%clk 0:28:43]} 48. Kf4 {[%clk 0:07:04]} Rc3
{[%clk 0:29:08]} 49. a4 {[%clk 0:05:21]} Rc5 {[%clk 0:27:51]} 50. a5
{[%clk 0:03:42]} bxa5 {[%clk 0:27:52]} 51. Rb8 {[%clk 0:03:46]} a4
{[%clk 0:25:08]} 52. Ke4 {[%clk 0:00:43]} a3 {[%clk 0:25:13]} 53. Kf4
{[%clk 0:00:33]} a2 {[%clk 0:24:19]} 54. Ra8 {[%clk 0:00:59]} Rxb5
{[%clk 0:24:42]} 55. Rxa2 {[%clk 0:01:24]} Rb4+ {[%clk 0:24:57]} 56. Kg5
{[%clk 0:01:12]} Rg4+ {[%clk 0:25:19]} 57. Kh6 {[%clk 0:01:26]} c5
{[%clk 0:25:27]} 0-1

[Event "Figueira 2023"]
[Site "?"]
[Date "2023.11.05"]
[Round "1.5"]
[White "Bernadskiy, Vitaliy"]
[Black "Morais, Miguel Almeida"]
[Result "1-0"]
[BlackElo "1986"]
[WhiteElo "2546"]
[LiveChessVersion "1.4.8"]

1. d4 d5 2. c4 c6 3. Nf3 Nf6 4. Nc3 dxc4 5. a4 Bf5 6. Ne5 Nbd7 7. Nxc4 Nb6 8. Ne5
a5 9. e3 h6 10. g4 Bh7 11. h4 e6 12. g5 Nfd7 13. Nxd7 Qxd7 14. e4 Bb4 15. f3
O-O-O 16. gxh6 gxh6 17. Be3 Qc7 18. Qb3 Qg3+ 19. Ke2 c5 20. Rh3 Qg7 21. dxc5 Nd7
22. Na2 f5 23. Nxb4 axb4 24. c6 bxc6 25. Rc1 fxe4 26. Rxc6+ Kb7 27. Rc4 1-0

[Event "Figueira 2023"]
[Site "?"]
[Date "2023.11.05"]
[Round "1.6"]
[White "Julio, Joao Manuel Dos Santos"]
[Black "Lalit, Babu M R"]
[Result "0-1"]
[BlackElo "2533"]
[WhiteElo "1973"]
[LiveChessVersion "1.4.8"]

1. e4 {[%clk 1:28:59]} e5 {[%clk 1:30:27]} 2. Bc4 {[%clk 1:28:54]} Nf6
{[%clk 1:30:47]} 3. d3 {[%clk 1:28:20]} c6 {[%clk 1:31:13]} 4. Nf3
{[%clk 1:28:03]} d5 {[%clk 1:31:38]} 5. exd5 {[%clk 1:28:16]} cxd5
{[%clk 1:31:55]} 6. Bb5+ {[%clk 1:27:47]} Bd7 {[%clk 1:31:12]} 7. Bxd7+
{[%clk 1:28:11]} Nbxd7 {[%clk 1:31:40]} 8. O-O {[%clk 1:28:31]} Bd6
{[%clk 1:31:57]} 9. Nc3 {[%clk 1:28:11]} O-O {[%clk 1:30:19]} 10. Re1
{[%clk 1:28:26]} Qb6 {[%clk 1:29:04]} 11. h3 {[%clk 1:27:48]} Rac8
{[%clk 1:28:51]} 12. Ne2 {[%clk 1:25:32]} Rfe8 {[%clk 1:27:22]} 13. c3
{[%clk 1:25:30]} e4 {[%clk 1:27:27]} 14. Nfd4 {[%clk 1:25:27]} Nc5
{[%clk 1:27:26]} 15. dxe4 {[%clk 1:25:07]} dxe4 {[%clk 1:27:51]} 16. Rf1
{[%clk 1:20:23]} Nd3 {[%clk 1:27:29]} 17. b3 {[%clk 1:20:29]} Bb8
{[%clk 1:22:27]} 18. Nf5 {[%clk 1:17:22]} Qc5 {[%clk 1:20:46]} 19. Nfg3
{[%clk 1:16:50]} Bxg3 {[%clk 1:03:20]} 20. Nxg3 {[%clk 1:16:01]} Qxc3
{[%clk 1:03:47]} 21. Bg5 {[%clk 1:15:42]} Rc6 {[%clk 0:57:11]} 22. Qe2
{[%clk 1:15:01]} Qe5 {[%clk 0:56:11]} 23. Bxf6 {[%clk 1:11:34]} Rxf6
{[%clk 0:56:38]} 24. Rad1 {[%clk 1:11:43]} Nxf2 {[%clk 0:53:59]} 25. Nh5
{[%clk 1:10:01]} Nxd1 {[%clk 0:52:42]} 26. Nxf6+ {[%clk 1:04:41]} gxf6
{[%clk 0:53:00]} 27. Qxd1 {[%clk 1:05:01]} e3 {[%clk 0:52:36]} 28. Qf3
{[%clk 1:03:10]} e2 {[%clk 0:52:43]} 29. Re1 {[%clk 1:03:35]} Qd4+
{[%clk 0:51:56]} 30. Kh2 {[%clk 1:03:51]} Re3 {[%clk 0:49:41]} 31. Qxb7
{[%clk 1:03:02]} Qe5+ {[%clk 0:49:41]} 32. Kg1 {[%clk 1:02:56]} Qc3
{[%clk 0:49:50]} 33. Kf2 {[%clk 1:02:44]} Qd4 {[%clk 0:50:04]} 0-1

[Event "Figueira 2023"]
[Site "?"]
[Date "2023.11.05"]
[Round "1.7"]
[White "Prraneeth, Vuppala"]
[Black "Roettgen, Juergen"]
[Result "1-0"]
[BlackElo "1964"]
[WhiteElo "2512"]
[LiveChessVersion "1.4.8"]

1. e4 c5 2. Nf3 e6 3. b3 b6 4. Bb2 Bb7 5. Qe2 Nf6 6. Nc3 Be7 7. O-O-O O-O 8. Kb1
d5 9. exd5 Nxd5 10. Nxd5 exd5 11. d4 Bf6 12. Qd2 Nd7 13. Ne5 cxd4 14. Ng4 Nc5 15.
Nxf6+ Qxf6 16. Bxd4 Ne4 17. Bxf6 Nxd2+ 18. Rxd2 gxf6 19. Rd4 Rfe8 20. Bd3 Re5 21.
Rh4 Rae8 22. Kb2 Rg5 23. g3 Rg7 24. Rd1 Bc8 25. Rf4 Rg4 26. Rxf6 Kg7 27. Rd6 Rg5
28. Bb5 Re6 29. R6xd5 1-0

[Event "Figueira 2023"]
[Site "?"]
[Date "2023.11.05"]
[Round "1.9"]
[White "Das, Sayantan"]
[Black "Silva, Mariana Sofia T."]
[Result "1-0"]
[BlackElo "1943"]
[WhiteElo "2500"]
[LiveChessVersion "1.4.8"]

1. Nf3 d5 2. c4 e6 3. e3 Nf6 4. b3 c5 5. Bb2 Nc6 6. cxd5 exd5 7. Bb5 Bd7 8. O-O
Bd6 9. Ba3 Ne5 10. Bxd7+ Nfxd7 11. d4 Nxf3+ 12. Qxf3 Qg5 13. Nc3 Qh6 14. h3 cxd4
15. Bxd6 Qxd6 16. exd4 Nf6 17. Rfe1+ Kf8 18. Re5 Rd8 19. Rae1 h5 20. Ne2 Qb4 21.
Rd1 h4 22. Nf4 Qd6 23. Rde1 Rh6 24. Qe3 Kg8 25. Rc1 b6 26. Rc2 Rf8 27. Qc1 Qb4
28. Rc8 Rxc8 29. Qxc8+ Kh7 30. Qf5+ Kh8 31. Qd3 Qa3 32. Qd2 Qd6 33. a4 Kg8 34.
Qc3 Kh7 35. Qc2+ Kg8 36. Nxd5 Qa3 37. Re1 Rh5 38. Nxf6+ gxf6 39. Re8+ Kg7 40. Qc8
Qa1+ 41. Kh2 Rg5 42. Rg8+ Kh7 43. Rh8+ Kg6 44. Qc2+ f5 45. Qc6+ Kg7 46. Qh6# 1-0

[Event "Figueira 2023"]
[Site "?"]
[Date "2023.11.05"]
[Round "1.10"]
[White "Alfonso Ruisanchez, Laritza"]
[Black "Solodovnichenko, Yuri"]
[Result "0-1"]
[BlackElo "2490"]
[WhiteElo "1940"]
[LiveChessVersion "1.4.8"]

1. e4 {[%clk 1:28:46]} c5 {[%clk 1:30:15]} 2. Nf3 {[%clk 1:28:46]} e6
{[%clk 1:28:47]} 3. c4 {[%clk 1:25:55]} Nc6 {[%clk 1:28:54]} 4. d4
{[%clk 1:24:54]} cxd4 {[%clk 1:29:19]} 5. Nxd4 {[%clk 1:25:17]} Nf6
{[%clk 1:29:44]} 6. Nc3 {[%clk 1:24:28]} Bb4 {[%clk 1:30:06]} 7. Nxc6
{[%clk 1:24:24]} dxc6 {[%clk 1:30:17]} 8. Qxd8+ {[%clk 1:24:15]} Kxd8
{[%clk 1:30:43]} 9. Bd2 {[%clk 1:24:13]} e5 {[%clk 1:28:57]} 10. O-O-O
{[%clk 1:21:36]} Bd7 {[%clk 1:28:15]} 11. f3 {[%clk 1:21:20]} Bc5
{[%clk 1:27:58]} 12. Bd3 {[%clk 1:14:16]} Kc7 {[%clk 1:28:03]} 13. Ne2
{[%clk 1:13:31]} a5 {[%clk 1:28:02]} 14. Bc3 {[%clk 1:11:20]} Rhe8
{[%clk 1:28:10]} 15. Kb1 {[%clk 1:05:47]} Bb4 {[%clk 1:24:02]} 16. a3
{[%clk 1:05:02]} Bxc3 {[%clk 1:23:52]} 17. Nxc3 {[%clk 1:05:25]} Be6
{[%clk 1:20:30]} 18. Be2 {[%clk 1:03:07]} a4 {[%clk 1:18:18]} 19. Rd2
{[%clk 1:01:50]} Ra5 {[%clk 1:18:06]} 20. Rc1 {[%clk 1:01:07]} Nd7
{[%clk 1:16:49]} 21. Nd5+ {[%clk 0:59:24]} Kb8 {[%clk 1:16:08]} 22. Ne3
{[%clk 0:58:13]} Nc5 {[%clk 1:15:58]} 23. Bd1 {[%clk 0:57:47]} g6
{[%clk 1:12:05]} 24. g4 {[%clk 0:54:10]} Kc7 {[%clk 1:09:25]} 25. Rc3
{[%clk 0:51:55]} Kb6 {[%clk 1:07:34]} 26. Rd6 {[%clk 0:51:30]} Kc7
{[%clk 1:05:08]} 27. Rd2 {[%clk 0:51:57]} b6 {[%clk 1:05:02]} 28. Rc1
{[%clk 0:48:26]} Bc8 {[%clk 1:02:30]} 29. Rc3 {[%clk 0:45:22]} Ne6
{[%clk 0:56:12]} 30. Rcd3 {[%clk 0:44:54]} Nf4 {[%clk 0:54:04]} 31. Rd6
{[%clk 0:43:24]} Be6 {[%clk 0:52:14]} 32. Bc2 {[%clk 0:42:05]} Raa8
{[%clk 0:49:59]} 33. Rd1 {[%clk 0:41:04]} Re7 {[%clk 0:44:40]} 34. R6d2
{[%clk 0:39:43]} Ree8 {[%clk 0:40:37]} 35. Rd6 {[%clk 0:36:34]} Nh3
{[%clk 0:40:08]} 36. R6d2 {[%clk 0:36:05]} Rh8 {[%clk 0:39:50]} 37. Bd3
{[%clk 0:33:02]} h5 {[%clk 0:38:35]} 38. Bf1 {[%clk 0:33:10]} Ng5
{[%clk 0:36:50]} 39. Rf2 {[%clk 0:30:54]} hxg4 {[%clk 0:36:13]} 40. Nxg4
{[%clk 1:01:17]} Bxg4 {[%clk 1:06:11]} 41. fxg4 {[%clk 1:01:45]} Rh7
{[%clk 1:06:18]} 42. Rfd2 {[%clk 1:01:02]} f6 {[%clk 1:06:31]} 43. Bg2
{[%clk 1:01:01]} Ne6 {[%clk 1:05:40]} 44. Rd6 {[%clk 1:00:37]} Rd8
{[%clk 1:00:51]} 45. Rxd8 {[%clk 1:00:33]} Nxd8 {[%clk 1:01:16]} 46. Rh1
{[%clk 1:00:20]} g5 {[%clk 1:00:50]} 47. Kc2 {[%clk 0:59:36]} Ne6
{[%clk 1:00:56]} 48. h3 {[%clk 0:59:54]} Nf4 {[%clk 1:01:11]} 49. Bf1
{[%clk 1:00:18]} Kd6 {[%clk 1:00:37]} 50. Kc3 {[%clk 1:00:06]} Kc5
{[%clk 1:00:59]} 51. Rh2 {[%clk 1:00:19]} Rd7 {[%clk 1:00:44]} 52. h4
{[%clk 1:00:33]} gxh4 {[%clk 0:59:39]} 53. Rxh4 {[%clk 1:00:52]} Rd1
{[%clk 0:59:57]} 54. Rh1 {[%clk 1:01:09]} Ne2+ {[%clk 0:57:48]} 55. Kc2
{[%clk 1:01:00]} Ra1 {[%clk 0:58:10]} 56. g5 {[%clk 0:59:35]} fxg5
{[%clk 0:58:27]} 57. Rh2 {[%clk 0:59:47]} Nd4+ {[%clk 0:58:50]} 0-1

[Event "Figueira 2023"]
[Site "?"]
[Date "2023.11.05"]
[Round "1.11"]
[White "Spraggett, Kevin"]
[Black "Adams, Philip"]
[Result "1-0"]
[BlackElo "1931"]
[WhiteElo "2480"]
[LiveChessVersion "1.4.8"]

1. d4 Nf6 2. c4 e6 3. Nf3 Bb4+ 4. Nbd2 b6 5. a3 Bxd2+ 6. Bxd2 Bb7 7. Bg5 h6 8.
Bh4 d6 9. e3 Nbd7 10. Nd2 g5 11. Bg3 Qe7 12. f3 Nh5 13. Bf2 f5 14. Qc2 Nhf6 15.
Be2 a5 16. O-O-O Rf8 17. Rhe1 Rf7 18. Bd3 O-O-O 19. e4 fxe4 20. Nxe4 Kb8 21. Ng3
Rh8 22. Bg6 Rff8 23. Nf5 1-0

[Event "Figueira 2023"]
[Site "?"]
[Date "2023.11.05"]
[Round "1.12"]
[White "Mata, Adilson"]
[Black "Urazayev, Arystanbek"]
[Result "0-1"]
[BlackElo "2478"]
[WhiteElo "1927"]
[LiveChessVersion "1.4.8"]

1. d4 {[%clk 1:30:20]} Nf6 {[%clk 1:30:28]} 2. Nf3 {[%clk 1:30:08]} e6
{[%clk 1:30:33]} 3. g3 {[%clk 1:29:39]} b5 {[%clk 1:30:38]} 4. Bg2
{[%clk 1:28:47]} Bb7 {[%clk 1:31:00]} 5. O-O {[%clk 1:29:03]} c5 {[%clk 1:30:56]}
6. a4 {[%clk 1:28:14]} b4 {[%clk 1:31:12]} 7. c3 {[%clk 1:26:37]} Be7
{[%clk 1:30:32]} 8. Nbd2 {[%clk 1:17:04]} O-O {[%clk 1:29:40]} 9. Nc4
{[%clk 1:14:48]} cxd4 {[%clk 1:26:50]} 10. cxd4 {[%clk 1:14:26]} d5
{[%clk 1:24:55]} 11. Nce5 {[%clk 1:13:52]} Nbd7 {[%clk 1:25:15]} 12. a5
{[%clk 1:10:11]} Rc8 {[%clk 1:23:57]} 13. Bf4 {[%clk 1:06:45]} Nxe5
{[%clk 1:20:51]} 14. Nxe5 {[%clk 1:04:53]} Ba6 {[%clk 1:20:51]} 15. Bf3
{[%clk 0:58:55]} Bb5 {[%clk 1:18:43]} 16. Qb3 {[%clk 0:54:52]} Ne4
{[%clk 1:17:43]} 17. h4 {[%clk 0:52:01]} Bd6 {[%clk 1:12:02]} 18. Rfd1
{[%clk 0:46:20]} Qe7 {[%clk 1:04:43]} 19. Nd3 {[%clk 0:31:56]} Bxf4
{[%clk 0:58:53]} 20. Nxf4 {[%clk 0:31:42]} Qd6 {[%clk 0:59:07]} 21. Nd3
{[%clk 0:27:32]} Nxg3 {[%clk 0:38:12]} 22. fxg3 {[%clk 0:27:55]} Qxg3+
{[%clk 0:38:32]} 23. Kf1 {[%clk 0:26:37]} Qxh4 {[%clk 0:37:41]} 24. Qxb4
{[%clk 0:25:09]} Bxd3 {[%clk 0:36:36]} 25. Rxd3 {[%clk 0:23:46]} e5
{[%clk 0:36:43]} 26. Bxd5 {[%clk 0:18:13]} e4 {[%clk 0:35:12]} 27. Rda3
{[%clk 0:18:42]} Qh1+ {[%clk 0:32:33]} 28. Kf2 {[%clk 0:19:00]} e3+
{[%clk 0:32:59]} 29. Rxe3 {[%clk 0:16:14]} Qxa1 {[%clk 0:31:46]} 30. Re7
{[%clk 0:15:53]} Qc1 {[%clk 0:29:20]} 31. Rxa7 {[%clk 0:14:32]} Qf4+
{[%clk 0:29:45]} 32. Bf3 {[%clk 0:13:24]} Qh2+ {[%clk 0:30:07]} 33. Ke3
{[%clk 0:13:36]} Rfe8+ {[%clk 0:27:11]} 34. Re7 {[%clk 0:09:54]} Qh6+
{[%clk 0:22:55]} 35. Kd3 {[%clk 0:09:57]} Qa6+ {[%clk 0:23:14]} 36. Ke3
{[%clk 0:09:05]} Rxe7+ {[%clk 0:23:38]} 37. Qxe7 {[%clk 0:09:32]} Qxa5
{[%clk 0:23:58]} 38. b4 {[%clk 0:08:54]} Qb6 {[%clk 0:18:26]} 39. Kd3
{[%clk 0:06:50]} Qb5+ {[%clk 0:18:24]} 40. Kd2 {[%clk 0:36:56]} Qc4
{[%clk 0:45:44]} 41. e3 {[%clk 0:27:50]} Qc1+ {[%clk 0:42:56]} 42. Ke2
{[%clk 0:27:53]} Qb2+ {[%clk 0:43:22]} 43. Ke1 {[%clk 0:28:01]} Rb8
{[%clk 0:39:38]} 44. Bb7 {[%clk 0:24:02]} Qa1+ {[%clk 0:40:05]} 0-1

[Event "Figueira 2023"]
[Site "?"]
[Date "2023.11.05"]
[Round "1.13"]
[White "Sousa, Andre Ventura"]
[Black "Roque, Armando Filipe"]
[Result "1-0"]
[BlackElo "1901"]
[WhiteElo "2441"]
[LiveChessVersion "1.4.8"]

1. e4 e6 2. d4 d5 3. e5 c5 4. c3 Nc6 5. Nf3 Bd7 6. Bd3 cxd4 7. O-O dxc3 8. Nxc3
Nge7 9. Bg5 Qb8 10. Re1 Ng6 11. Rc1 Bb4 12. a3 Bxc3 13. Rxc3 O-O 14. h4 h6 15.
Bb1 Rc8 16. h5 Ngxe5 17. Nxe5 Nxe5 18. Bf4 f6 19. Rg3 Kh8 20. Rxe5 fxe5 21. Qd3
e4 22. Qd4 e5 23. Bxe5 Rc1+ 24. Kh2 Qe8 25. Rg6 Rxb1 26. Bxg7+ Kh7 27. Rxh6+ 1-0

[Event "Figueira 2023"]
[Site "?"]
[Date "2023.11.05"]
[Round "1.14"]
[White "Shadhursshaan, R"]
[Black "Barski, Radoslaw"]
[Result "0-1"]
[BlackElo "2437"]
[WhiteElo "1899"]
[LiveChessVersion "1.4.8"]

1. d4 d5 2. c4 e6 3. Nf3 Nf6 4. g3 Be7 5. Bg2 O-O 6. O-O a5 7. Nbd2 c6 8. Qc2 b5
9. cxb5 cxb5 10. e4 Qb6 11. e5 Nfd7 12. b3 Nc6 13. Bb2 Ba6 14. Rac1 Rfc8 15. Qb1
a4 16. Rfe1 a3 17. Ba1 Rc7 18. Bf1 Rac8 19. Red1 b4 20. Rc2 Bxf1 21. Nxf1 f6 22.
Ne3 fxe5 23. dxe5 Rf8 24. Kg2 Nc5 25. Qc1 Ne4 26. Rxd5 exd5 27. Nxd5 Qb7 28. Nxc7
Nc3 29. Nd5 Nd4 30. Nxe7+ Kh8 31. Rxc3 bxc3 32. Qxc3 Nxf3 33. Nc6 Ng5 34. h4
Rxf2+ 35. Kg1 Nh3+ 36. Kh1 Qd7 37. Qd4 Qxc6+ 38. Qd5 Qxd5# 0-1

[Event "Figueira 2023"]
[Site "?"]
[Date "2023.11.05"]
[Round "1.15"]
[White "Stella, Andrea"]
[Black "Jai, Sankar Subramanian"]
[Result "1-0"]
[BlackElo "1890"]
[WhiteElo "2431"]
[LiveChessVersion "1.4.8"]

1. d4 {[%clk 1:28:46]} Nf6 {[%clk 1:30:58]} 2. c4 {[%clk 1:29:06]} g6
{[%clk 1:31:18]} 3. g3 {[%clk 1:29:24]} Bg7 {[%clk 1:31:45]} 4. Bg2
{[%clk 1:29:49]} d5 {[%clk 1:32:11]} 5. cxd5 {[%clk 1:30:13]} Nxd5
{[%clk 1:32:39]} 6. e4 {[%clk 1:30:21]} Nb6 {[%clk 1:33:07]} 7. Ne2
{[%clk 1:30:43]} O-O {[%clk 1:33:30]} 8. O-O {[%clk 1:29:53]} Nc6
{[%clk 1:33:21]} 9. d5 {[%clk 1:28:52]} Na5 {[%clk 1:33:40]} 10. Nbc3
{[%clk 1:28:16]} c6 {[%clk 1:33:40]} 11. Re1 {[%clk 1:12:42]} cxd5
{[%clk 1:26:59]} 12. exd5 {[%clk 1:12:31]} e6 {[%clk 1:27:12]} 13. Nf4
{[%clk 1:00:25]} exd5 {[%clk 1:20:58]} 14. Nfxd5 {[%clk 1:00:25]} Nxd5
{[%clk 1:20:41]} 15. Nxd5 {[%clk 1:00:46]} Be6 {[%clk 1:20:37]} 16. h4
{[%clk 0:56:35]} Bxd5 {[%clk 1:15:59]} 17. Bxd5 {[%clk 0:45:05]} Nc6
{[%clk 1:16:07]} 18. Bf4 {[%clk 0:20:32]} Qa5 {[%clk 0:38:10]} 19. Bg2
{[%clk 0:04:42]} Rad8 {[%clk 0:09:22]} 20. Qb3 {[%clk 0:04:32]} Nb4
{[%clk 0:03:46]} 21. Red1 {[%clk 0:03:23]} Rxd1+ {[%clk 0:01:52]} 22. Rxd1
{[%clk 0:03:52]} Nc6 {[%clk 0:02:21]} 23. Be3 {[%clk 0:02:45]} Rd8
{[%clk 0:00:54]} 24. Rxd8+ {[%clk 0:03:07]} Nxd8 {[%clk 0:01:22]} 25. Bd5
{[%clk 0:02:57]} h5 {[%clk 0:00:33]} 26. Bc4 {[%clk 0:02:25]} Qe1+
{[%clk 0:00:33]} 27. Kg2 {[%clk 0:02:42]} Qb1 {[%clk 0:01:01]} 28. Bxa7
{[%clk 0:01:57]} Qxb2 {[%clk 0:00:35]} 29. Qxb2 {[%clk 0:00:43]} Bxb2
{[%clk 0:01:03]} 30. Bd5 {[%clk 0:00:55]} Kf8 {[%clk 0:00:32]} 31. Bb6
{[%clk 0:00:35]} Bf6 {[%clk 0:00:34]} 32. Kf3 {[%clk 0:00:46]} g5
{[%clk 0:00:50]} 33. hxg5 {[%clk 0:00:56]} Bxg5 {[%clk 0:01:19]} 34. Kg2
{[%clk 0:01:08]} h4 {[%clk 0:00:40]} 35. f4 {[%clk 0:01:16]} Be7 {[%clk 0:00:35]}
36. g4 {[%clk 0:01:24]} Ne6 {[%clk 0:00:34]} 37. Be3 {[%clk 0:00:50]} Nc5 38. Kh3
{[%clk 0:00:46]} b6 {[%clk 0:00:31]} 39. g5 {[%clk 0:01:03]} f6 {[%clk 0:01:01]}
40. Kxh4 {[%clk 0:31:14]} fxg5+ {[%clk 0:30:48]} 41. fxg5 {[%clk 0:31:43]} Bd6
{[%clk 0:28:43]} 42. g6 {[%clk 0:19:54]} Be5 {[%clk 0:26:44]} 43. Bxc5+
{[%clk 0:17:56]} bxc5 {[%clk 0:27:02]} 44. Kg5 {[%clk 0:17:59]} Kg7
{[%clk 0:19:34]} 45. a4 {[%clk 0:18:13]} Bc7 {[%clk 0:19:49]} 46. Kf5
{[%clk 0:18:38]} Ba5 {[%clk 0:20:05]} 47. Bc4 {[%clk 0:18:58]} Bc3
{[%clk 0:20:21]} 48. Bd3 {[%clk 0:19:22]} Kf8 {[%clk 0:19:29]} 49. Ke6
{[%clk 0:19:38]} Ke8 {[%clk 0:19:50]} 50. a5 {[%clk 0:19:46]} Kd8
{[%clk 0:20:01]} 51. a6 {[%clk 0:19:58]} Kc7 {[%clk 0:20:28]} 52. Kf7
{[%clk 0:20:20]} 1-0